| 000 | 01775cam a2200349 i 4500 | ||
|---|---|---|---|
| 001 | 768714001 | ||
| 003 | CO-MdFUSB | ||
| 005 | 20220405144848.0 | ||
| 007 | ta | ||
| 008 | 860102t1986 njua b 001 0 eng | ||
| 020 | _a0691024251 | ||
| 040 |
_aDLC _cCO-MdFUSB _dm/c _dCWC _dWaOLN _dUtOrBLW _bspa _erda |
||
| 041 | _aeng | ||
| 082 |
_223 _a261.5 _bF982 |
||
| 100 | 1 |
_aFunkenstein, Amos. _eautor |
|
| 245 | 1 | 0 |
_aTheology and the scientific imagination : _bfrom the Middle Ages to the seventeenth century / _cAmos Funkenstein. |
| 264 | 1 |
_aPrinceton, N.J. : _bPrinceton University Press, _c[1986] |
|
| 264 | 4 | _c© 1986 | |
| 300 |
_a421 páginas : _bilustraciones ; _c25 cm. |
||
| 336 |
_2rdacontent _atexto _btxt |
||
| 337 |
_2rdamedia _asin mediación _bn |
||
| 338 |
_2rdacarrier _avolumen _bnc |
||
| 504 | _aBibliography: p. [365]-399. | ||
| 505 | _aLa omnipresencia de Dios, el cuerpo de Dios y los cuatro ideales de la ciencia -- La omnipotencia divina y las leyes de la naturaleza -- La providencia divina y el curso de la historia -- El conocimiento divino y humano: conocer haciendo -- De la teología secular a la Ilustración. | ||
| 520 | _a Este trabajo pionero en la historia de la ciencia, que se originó en una serie de tres seminarios de Gauss impartidos en la Universidad de Princeton en 1984, demostró cómo las raíces de la revolución científica yacen en la escolástica medieval. Una obra de historia intelectual que aborda los fundamentos metafísicos de la ciencia moderna, la Teología y la Imaginación Científica elevó y transformó el nivel del discurso sobre las relaciones. | ||
| 563 | _aRústico | ||
| 650 | 7 |
_aReligión y ciencia _9259 |
|
| 942 | _cBK | ||
| 945 | _aJTF-925 | ||
| 999 |
_c67667 _d67667 |
||